Process systems analysis and control (Record no. 13575)

000 -LEADER
fixed length control field 00578nam a22002051 4500
001 - CONTROL NUMBER
control field 13575
003 - CONTROL NUMBER IDENTIFIER
control field BD-DhUET
008 - FIXED-LENGTH DATA ELEMENTS--GENERAL INFORMATION
fixed length control field 730306s1965 nyua b 000 0 eng
040 ## - CATALOGING SOURCE
Original cataloging agency DLC
Transcribing agency DLC
Modifying agency BD-DhUET
082 ## - DEWEY DECIMAL CLASSIFICATION NUMBER
Classification number 660.284
Item number COU/1965
100 1# - MAIN ENTRY--PERSONAL NAME
Personal name Coughanowr, Donald R.
245 10 - TITLE STATEMENT
Title Process systems analysis and control
250 ## - EDITION STATEMENT
Edition statement 1st ed.
260 ## - PUBLICATION, DISTRIBUTION, ETC. (IMPRINT)
Place of publication, distribution, etc. New York
Name of publisher, distributor, etc. McGraw-Hill
Date of publication, distribution, etc. 1965
300 ## - PHYSICAL DESCRIPTION
Extent xii, 491 p.
Other physical details ill.
Dimensions 21 cm.
490 ## - SERIES STATEMENT
Series statement McGraw-Hill chemical engineering series
650 #0 - SUBJECT ADDED ENTRY--TOPICAL TERM
Topical term or geographic name as entry element Control devices process engineering
700 ## - ADDED ENTRY--PERSONAL NAME
Personal name Koppel, Lowell B.
942 ## - ADDED ENTRY ELEMENTS (KOHA)
Koha item type General Book
Holdings
Withdrawn status Source of classification or shelving scheme Price effective from Copy number Date acquired Piece designation (barcode) Lost status Not for loan Koha issues (times borrowed) Koha date last seen Shelving location Location (home branch) Sublocation or collection (holding branch) Koha normalized classification for sorting Koha date last borrowed Damaged status Koha full call number Koha item type
  2015-03-0312015-03-0329699   2015-03-03Circulation sectionCentral Library, BUETCentral Library, BUET660_284000000000000_COU_1965  660.284/COU/1965General Book
  2015-03-0322015-03-0329689  12017-05-09Circulation sectionCentral Library, BUETCentral Library, BUET660_284000000000000_COU_19652017-05-09 660.284/COU/1965General Book
  2015-03-0332015-03-0329697   2015-03-03Circulation sectionCentral Library, BUETCentral Library, BUET660_284000000000000_COU_1965  660.284/COU/1965General Book
  2015-03-0342015-03-0329692   2015-03-03Circulation sectionCentral Library, BUETCentral Library, BUET660_284000000000000_COU_1965  660.284/COU/1965General Book
  2015-03-0352015-03-0329698   2015-03-03Circulation sectionCentral Library, BUETCentral Library, BUET660_284000000000000_COU_1965  660.284/COU/1965General Book
  2015-03-0362015-03-0329690   2015-03-03Circulation sectionCentral Library, BUETCentral Library, BUET660_284000000000000_COU_1965  660.284/COU/1965General Book
  2015-03-0372015-03-0329688   2015-03-03Cataloging to CirculationCentral Library, BUETCentral Library, BUET660_284000000000000_COU_1965  660.284/COU/1965General Book
  2015-03-0482015-03-0434519   2015-03-04Circulation sectionCentral Library, BUETCentral Library, BUET660_284000000000000_COU_1965  660.284/COU/1965General Book
  2015-05-1192015-05-1129694   2015-05-11Circulation sectionCentral Library, BUETCentral Library, BUET660_284000000000000_COU_1965  660.284/COU/1965General Book
  2015-05-11102015-05-1129696   2015-05-11Circulation sectionCentral Library, BUETCentral Library, BUET660_284000000000000_COU_1965  660.284/COU/1965General Book
  2015-05-13112015-05-1329695   2015-05-13Circulation sectionCentral Library, BUETCentral Library, BUET660_284000000000000_COU_1965  660.284/COU/1965General Book
  2015-05-14122015-05-1417869   2015-05-14Circulation sectionCentral Library, BUETCentral Library, BUET660_284000000000000_COU_1965  660.284/COU/1965General Book
  2015-05-18132015-05-1815822   2015-05-18Circulation sectionCentral Library, BUETCentral Library, BUET660_284000000000000_COU_1965  660.284/COU/1965General Book
  2015-06-20142015-06-2029700   2015-06-20Reading sectionCentral Library, BUETCentral Library, BUET660_284000000000000_COU_1965  660.284/COU/1965General Book
  2015-06-20152015-06-2029701   2015-06-20Reading sectionCentral Library, BUETCentral Library, BUET660_284000000000000_COU_1965  660.284/COU/1965General Book
  2015-07-10162015-07-1016716   2015-07-10Circulation sectionCentral Library, BUETCentral Library, BUET660_284000000000000_COU_1965  660.284/COU/1965General Book